Seed quality enhancement: principles and practices

Saved in:
Bibliografiske detaljer
Main Authors: Vanangamudi, K (Author), Sasthri, G (Author), Kalaivani, S (Author), Selvakumari, A (Author), Vanangamudi, Mallika (Author), Srimathi, P (Author)
Format: Bog
Sprog:engelsk
Udgivet: Scientific Publishers 2010
Fag:
Tags: Tilføj Tag
Ingen Tags, Vær først til at tagge denne postø!

MARC

LEADER 00000cam a2200000 a 4500
001 UCF5809
003 CL-VaPUC
005 20240923102521.0
008 130328e20100000II |||||||||||||||||eng|d
999 |c 351213  |d 351211 
020 |a 9788172336639 
040 |c Pontificia Universidad Católica de Valparaíso 
082 0 4 |a 631.521  |b VAN  |2 21 
100 0 |a Vanangamudi, K  |e author  |9 567767 
245 1 0 |a Seed quality enhancement: principles and practices 
260 |b Scientific Publishers  |c 2010 
300 |a 482 p 
583 |a last modification  |c 20130328 10:53:00  |k Rodrigo Vera 
650 0 |a Semillas   |9 264396 
650 0 |a Calidad de semilla  |9 567773 
650 0 |a Producción de semillas  |9 403448 
650 0 |a Tratamiento de semillas  |9 340438 
700 0 |a Sasthri, G  |e author  |9 567768 
700 0 |a Kalaivani, S  |e author  |9 567769 
700 0 |a Selvakumari, A  |e author  |9 567770 
700 0 |a Vanangamudi, Mallika  |e author  |9 567771 
700 0 |a Srimathi, P  |e author  |9 567772 
942 |c BK  |2 ddc 
945 |d 20130328 00:00:00  |a dcastane 
952 |0 0  |1 0  |4 0  |6 631_521000000000000_VAN_2010  |7 0  |8 A  |9 455191  |a BIBAGR  |b BIBAGR  |d 2019-11-22  |i 4959078  |o 631.521 VAN 2010  |p 4959078  |r 2024-01-30  |w 2019-11-22  |y BK  |k AGR 
952 |0 0  |1 0  |4 0  |6 631_521000000000000_VAN_2010  |7 0  |8 A  |9 455192  |a BIBAGR  |b BIBAGR  |d 2019-11-22  |i 4959086  |o 631.521 VAN 2010  |p 4959086  |r 2025-01-20  |w 2019-11-22  |y BK  |k AGR